| 000 | 00335nam a2200133Ia 4500 | ||
|---|---|---|---|
| 005 | 20251222143237.0 | ||
| 008 | 251222s9999||||xx |||||||||||||| ||spa|| | ||
| 020 | _a0-06-091360-6 | ||
| 082 | _a658.406.3/D95 | ||
| 100 | _aDrucker, Peter | ||
| 245 | 0 | _aInnovation and Entre-Preneurship: | |
| 264 | _bCongress Catologing | ||
| 942 | _cLIB | ||
| 999 |
_c14443 _d14443 |
||